| 000 | 00383nam a22001457a 4500 | ||
|---|---|---|---|
| 020 | _qHB. | ||
| 040 | _cFIZZA ISHAQ | ||
| 082 |
_a333.7 _bPRO |
||
| 100 |
_aHUSSAIN,GHULAM. _9110385 |
||
| 245 |
_aLAND AND WATER RESOURCES MANAGEMENT / _cPROF.GHULAM HUSSAIN WAGAN. |
||
| 250 | _a1ST ED. | ||
| 260 |
_aPARAMOUNT _bPARAMOUNT PUBLISHING, _c2013. |
||
| 300 | _a417 P. ; | ||
| 942 |
_2ddc _cBK |
||
| 999 |
_c593765 _d593765 |
||